000
00292nam a2200121Ia 4500
008
190216s9999||||xx |||||||||||||| ||und||
100
_a
Ravindranath B K
245
0
_a
Hindi- Kavya Sourabh
260
_b
Calicut University Publications
_c
1993
300
_a
61
650
_a
Hindi
942
_c
BK
999
_c
15622
_d
15622